000 00381nam a2200145Ia 4500
008 150201s2002 xx 000 0 und d
082 _a612.015
_bB2002S
100 _aSINGH,S.P.
245 2 _aA TEXT BOOK OF BIOCHEMISTRY
250 _a3RD
260 _bC.B.S PUBLISHERS & DISTRIBUTERS
_aDARYAGANJ (NEW DELHI)
_c2002
300 _a1-646
650 _aBIOCHEMISTRY
942 _2ddc
_cBK
999 _c2603
_d2603